Countries Atal Bihari Vajpayee visited - Statistics

General Stats
  • This quiz has been taken 48 times
  • The average score is 21 of 33
Answer Stats
Continent Country % Correct
North America United States of America
100%
Europe United Kingdom
96%
Asia Bangladesh
93%
Asia China
89%
Asia Pakistan
89%
Asia/ Europe Russia
89%
Europe Italy
86%
Asia Japan
86%
Europe France
82%
Europe Germany
82%
Asia Indonesia
82%
Asia Malaysia
79%
Asia Nepal
79%
Asia Thailand
79%
Asia/ Europe Turkey
79%
Asia Vietnam
75%
Asia Iran
71%
Asia Cambodia
68%
Africa South Africa
64%
Asia Sri Lanka
64%
North America Jamaica
54%
Asia Laos
54%
Africa Nigeria
54%
Europe Switzerland
54%
Asia Oman
50%
Europe Portugal
50%
Africa Mauritius
36%
Asia Syria
36%
Africa Morocco
32%
Asia Tajikistan
29%
Europe Vatican City
29%
Africa Namibia
18%
North America Trinidad and Tobago
14%
No matching quizzes found
Score Distribution
Percent of People with Each Score
Percentile by Number Answered
Your Score History
You have not taken this quiz